Learner-Centered Counseling Theory: An Innovative Perspective (Record no. 347695)
[ view plain ]
| 000 -LEADER | |
|---|---|
| fixed length control field | 00507nam a2200133Ia 4500 |
| 008 - FIXED-LENGTH DATA ELEMENTS--GENERAL INFORMATION | |
| fixed length control field | 171207s9999 xx 000 0 und d |
| 100 ## - MAIN ENTRY--PERSONAL NAME | |
| Personal name | Luke, Chad |
| 245 ## - TITLE STATEMENT | |
| Title | Learner-Centered Counseling Theory: An Innovative Perspective |
| 245 ## - TITLE STATEMENT | |
| Statement of responsibility, etc | Chad Luke |
| 260 ## - PUBLICATION, DISTRIBUTION, ETC. (IMPRINT) | |
| Date of publication, distribution, etc | 2017 |
| 300 ## - PHYSICAL DESCRIPTION | |
| Extent | pages 305-319, July-September 2017 |
| 440 ## - SERIES STATEMENT/ADDED ENTRY--TITLE | |
| Title | Journal of Creativity in Mental Health |
| Volume number/sequential designation | 12:3 |
| 650 ## - SUBJECT ADDED ENTRY--TOPICAL TERM | |
| Topical term or geographic name as entry element | Andragogy, counseling theory, counselor education, counseling, creativity in counseling, pedagogy, student-centered |
| Withdrawn status | Lost status | Damaged status | Home library | Current library | Date acquired | Total Checkouts | Date last seen | Price effective from | Koha item type |
|---|---|---|---|---|---|---|---|---|---|
| College Library | College Library | 12/07/2017 | 12/07/2017 | 12/07/2017 | Periodicals |